000 01077nam a2200241 a 4500
999 _c1785
_d1785
003 AR-BaISA
005 20250325190828.0
007 ta
008 250325s2009 ag ado|f |||| 000 0 spa d
020 _a9789875701069
040 _bspa
_cAR-BaISA
082 0 4 _222
_a641.34 V838
100 1 _92710
_aViviant, Viviana
_eaut.
245 1 0 _aFrutas y verduras:
_blos superalimentos que curan /
_cViviana Viviant
260 _aBuenos Aires:
_bAkadia,
_c2009
300 _a402 p.:
_bil., graf., fotos.
504 _aBibliografía p.: [397]-402
505 _tFrutas y verduras contra la balanza y las enfermedades - Educar para prevenir --
_tFrutas y verduras: un arsenal de beneficios --
_tDerribando mitos y sumando "5" al día --
_tMaratón de recetas...color, sabor y nutrición --
_t"Super Bowl" de ensaladas y sopas: los aliados anti-kilos --
_tViajando por el Mediterráneo --
_tPiel de "durazno" si, piel de "naranja" no --
_tVida activa para todos
650 1 4 _93682
_aFrutas
650 1 4 _93683
_aVerduras
650 1 4 _9555
_aAlimentación saludable
942 _2ddc
_cLI
_e22